Statistics for Independent Countries NOT FIFA Members

Click here to take the quiz!

General Stats

  • This quiz has been taken 3,876 times
    (3,032 since last reset)
  • The average score is 6 of 9

Answer Stats

country% Correct
Vatican City
83%
Nauru
75%
Tuvalu
73%
Palau
72%
Marshall Islands
69%
Micronesia
68%
Kiribati
66%
Monaco
62%
United Kingdom
38%

Score Distribution

Percentile by Number Answered

Percent of People with Each Score

Your Score History

You have not taken this quiz since the last reset